Pays en version inversée - Statistiques

Statistiques générales
  • Ce quiz a été pris 78 fois
  • Le résultat moyen est 19 sur 20
Statistiques - réponses
Pays Version inversée % Correct
Espagne engapsE
100%
France ecnarF
100%
Italie eilatI
100%
Allemagne engamellA
99%
Belgique euqigleB
99%
Brésil lisérB
99%
Canada adanaC
99%
Égypte etpygÉ
99%
Maroc coraM
99%
Mexique euqixeM
99%
Portugal lagutroP
99%
Suisse essiuS
99%
Tunisie eisinuT
99%
Japon nopaJ
96%
Kenya ayneK
96%
Chine enihC
93%
Inde ednI
93%
Norvège egèv roN
90%
Australie eilartsuA
88%
Argentine enitnegrA
81%
Aucun quiz correspondant
Distribution des résultats
% des personnes avec chaque résultat
Percentile par nombre de réponses
Votre historique - résultats
Vous n’avez pas pris ce quiz